000 03596cam a2200433 i 4500
001 768714001
003 CO-MdFUSB
005 20220625062544.0
007 ta
008 030814t20032003gauab b 001 0 eng
020 _a1589830555
040 _aDLC
_beng
_erda
_cCO-MdFUSB
_dBAKER
_dMUQ
_dNLGGC
_dBTCTA
_dYDXCP
_dOCLCG
_dIG#
_dDEBBG
_dOCLCQ
_dXII
_dSGB
_dOCLCA
_dOCLCQ
_dOCLCA
_dUWT
_dOCLCA
_dOCLCF
_dOCLCQ
_dOCL
_dNZABT
_dOCLCO
_dOCLCA
_dOCLCQ
_dOCLCO
_dOCLCQ
_dOCLCA
_dDHA
_dBUB
_dOCLCA
_dQGK
_dL2U
_dOCL
_dIL4J6
_dCAP
041 1 _aeng
_hger
042 _apcc
082 _223
_a296.09013
_bAL334
100 1 _aAlbertz, Rainer,
_d1943-
_eautor
240 1 0 _aExilszeit.
245 1 0 _aIsrael in exile :
_bthe history and literature of the sixth century B.C.E.
_c/ Rainer Albertz ; traducido por David Green.
264 1 _aAtlanta :
_bSociety of Biblical Literature,
_c[2003]
264 4 _c© 2003
300 _a461 páginas :
_bilustraciones, mapas ;
_c23 cm.
336 _atexto
_btxt
_2rdacontent.
337 _asin mediación
_bn
_2rdamedia.
338 _avolumen
_bnc
_2rdacarrier.
490 1 _aStudies in biblical literature ;
500 _aDesignado posteriormente como volumen 7 de la serie Enciclopedia bíblica.
504 _aIncluye referencias bibliográficas e índices.
505 _aPrólogo -- Prefacio a la edición en español -- Abreviaturas -- Tabla cronológica -- Mapa del Antiguo Cercano Oriente -- Introducción -- El cuadro bíblico de la era del exilio -- El exilio como laguna histórica -- Concepciones del exilio -- - La historia del exilio -- El imperio neobabilónico -- Israel en el exilio -- La restauración frustrada -- Los desplazamientos sociales y sus consecuencias religiosas -- La literatura del exilio -- Géneros de la literatura del exilio -- Obras literarias del exilio -- Aporte teológico -- Apropiación teológica de una historia calamitosa -- Interpretación teológica de la historia -- Frustrando la teología imperial -- La gloria de Dios y la separación de poderes -- Índice de fuentes primarias -- Índice general.
520 _aEl período del exilio babilónico de Israel es una de las épocas más fascinantes de la historia bíblica. Durante este tiempo Israel atravesó su crisis más profunda y se sentaron las bases para su renovación más profunda. La crisis provocó la creación de una gran cantidad de obras literarias como lamentos, libros proféticos y obras históricas, todas las cuales Albertz analiza en detalle a través de los métodos de la historia social, la crítica de composición y la crítica de redacción. Además, Albertz recurre a evidencias arqueológicas y extrabíblicas para iluminar los cambios históricos y sociales que afectaron a los diversos grupos en el exilio. Treinta y cinco años después del clásico Exile and Restoration de Peter Ackroyd, Albertz ofrece a una nueva generación de eruditos y estudiantes bíblicos una evaluación igualmente importante de los estudios recientes sobre este período, así como sus propias propuestas innovadoras y perspicaces sobre los desarrollos sociales y literarios que tuvieron lugar. y el aporte teológico que se hizo. Incluye tabla cronológica, mapa del antiguo Cercano Oriente e índice de pasajes.
563 _aRústico
630 0 7 _aBiblia.
_pAntiguo Testamento
650 7 _aJudaísmo
_2
_96881
653 _aJudaísmo temprano, 598-515 B.C.
700 _93746
_aGreen, David E.
_etraductor
830 0 _aStudies in biblical literature (Society of Biblical Literature) ;
_v3.
942 _cBK
945 _aJTF-925
999 _c67498
_d67498